000 00523nam a2200181Ia 4500
008 230917s9999||||xx |||||||||||||| ||und||
020 _cRS395
040 _e237421
_aMAIN
041 _aEnglish
082 _a658.409 V673W(2)
100 _aVieira, Walter
245 0 _aWinning manager: Timeless principles for corporate success
250 _a2nd ed.
260 _aNew Delhi
_bSage Publications
_c2014
300 _axvii, 219 p.
500 _a2576 19/01/2017 HBD17/6797 25/01/2017 IMSAR (Dev. & Research)
942 _cBK
999 _c21064
_d21064